Library of the University of Algiers 3
Ibrahim Sultan Cheibout
شعار جامعة الجزائر 3
مكتبة جامعة الجزائر 3
إبراهيم سلطان شيبوط

ماذا تعرف عن الاستثمار في الاوراق المالية و البورصات و المشتقات : (رقم التسجيلة. 43742)

تفاصيل مارك
000 -LEADER
fixed length control field 02698nam a2200229Ia 4500
003 - CONTROL NUMBER IDENTIFIER
control field Ost
005 - DATE AND TIME OF LATEST TRANSACTION
control field 20260507075256.0
008 - FIXED-LENGTH DATA ELEMENTS--GENERAL INFORMATION
fixed length control field 260507s9999||||xx |||||||||||||| ||und||
040 ## - CATALOGING SOURCE
Transcribing agency fsecg
041 ## - LANGUAGE CODE
Language code of text/sound track or separate title ara
082 ## - DEWEY DECIMAL CLASSIFICATION NUMBER
Classification number 330
100 ## - MAIN ENTRY--PERSONAL NAME
Personal name البنا، جلال
Relator term مؤلف
245 #0 - TITLE STATEMENT
Title ماذا تعرف عن الاستثمار في الاوراق المالية و البورصات و المشتقات :
Remainder of title المسار الامريكي و البورصات الناشئة /
Statement of responsibility, etc. جلال البنا
260 ## - PUBLICATION, DISTRIBUTION, ETC.
Place of publication, distribution, etc. مصر:
Name of publisher, distributor, etc. شركة الندى,
Date of publication, distribution, etc. 2007
300 ## - PHYSICAL DESCRIPTION
Extent 261 صفحة؛
Dimensions 24 سم
504 ## - BIBLIOGRAPHY, ETC. NOTE
Bibliography, etc. note معجم المصطلحات ص.137؛ ملاحق ص.163
520 ## - SUMMARY, ETC.
Summary, etc. أنواع الاوراق المالية ، المخاطرة و المكافأة و تصميم الورقة المالية ، السهم العادي و الاوراق المالية الدانئة ، أساسيات للسندات ، الاوراق المالية ذات الدخل الثابت و ذات الدخل المتغيير ، الاصفار و المتحولات ، الاسهم الممتازة ، الاوراق المالية للحكومة الامريكية و الاوراق المالية الناقلة للتدفقات النقدية ، تعزيزات الائتمان ، الاوراق المالية الناقلة للتدفقات النقدية : الحكومية و الشبه حكومية و الدفعات الاولية ، اعطاء رتب للسندات ، دور أمناء الاستثمار في الاوراق المالية و الطرح الاولي للجمهور ، حقوق التصويت و النفوذ ، الاسهم العادية المتخصصة ، الحقوق الاجهاضية ، مؤسسة الاحتكارات الاستثمارية العقارية و مؤسسة التيسيرات الاستثمارية للرهن العقاري ، تقييم الاوراق المالية ، التحليل الاساسي و التحليل الفني ، المشى العشوائي ، البيتا (مقياس للمخاطر المنتظمة)، المشروعات الوهمية ، الاحتيال و الحماقات ، الشراء و البيع ، الشهادات و القيد الدفتي ، التحوط ، صناديق الاستثمار ووحدة التوصية المحدودة الاستثمارية ، البورصات ، السوق المغلقة للاسهم ، القوانين الفيديرالية الرئيسية للاوراق المالية : القانون 33، القانون 34، القانون40 و تشريعات أخرى.
653 ## - INDEX TERM--UNCONTROLLED
Uncontrolled term الاستثمار
653 ## - INDEX TERM--UNCONTROLLED
Uncontrolled term الاوراق المالية
653 ## - INDEX TERM--UNCONTROLLED
Uncontrolled term السندات
942 ## - ADDED ENTRY ELEMENTS (KOHA)
Koha item type كتب
المقتنيات
Withdrawn status Lost status Source of classification or shelving scheme Damaged status Not for loan Home library Current library Date acquired Serial enumeration / chronology Inventory number Total checkouts Full call number Barcode Date last seen Price effective from Koha item type
    Dewey Decimal Classification   NOT LOAN / إعارة داخلية مكتبة كلية العلوم الإقتصادية والعلوم التجارية وعلوم التسيير مكتبة كلية العلوم الإقتصادية والعلوم التجارية وعلوم التسيير 07/05/2026 الطابق الأرضي 2011/6961   أ/3763ن1 2011/6961 07/05/2026 07/05/2026 كتب
    Dewey Decimal Classification   Available مكتبة كلية العلوم الإقتصادية والعلوم التجارية وعلوم التسيير مكتبة كلية العلوم الإقتصادية والعلوم التجارية وعلوم التسيير 07/05/2026 الطابق الأرضي 2011/6962   أ/3763ن2 2011/6962 07/05/2026 07/05/2026 كتب
    Dewey Decimal Classification   Available مكتبة كلية العلوم الإقتصادية والعلوم التجارية وعلوم التسيير مكتبة كلية العلوم الإقتصادية والعلوم التجارية وعلوم التسيير 07/05/2026 الطابق الثاني 2011/6963   أ/3763ن3 2011/6963 07/05/2026 07/05/2026 كتب

موارد الويب المفتوحة


© University of Algiers 3 All Rights Reserved
|
Implemented by LECHELAH Riad